• 首页
  • 本馆介绍
  • 公告通知
  • 最新文献
  • 馆藏检索
  • 电子资源
  • 读者导购
  • 参考咨询
  • 我的图书馆
  • 登录
  • 详细信息显示
  • 放入我的书架
  • 预约/预借图书
  • 作者相关作品
  • 分类相关作品
  • 丛书相关作品
  • 出版社相关作品

书目信息

  • 表格格式
  • 工作单格式
  • 卡片格式
题名:
世界自卫格斗术揭秘
    
 
作者: 王红辉 编著
分册:  
出版信息: 北京   人民体育出版社  2010
页数: 211页
开本: 23cm
丛书名:
单 册:
中图分类: G85
科图分类:
主题词: 擒拿方法(体育)--世界 , 擒拿方法(体育)
电子资源:
ISBN: 978-7-5009-3810-1
000 00753nam0 2200241 45
001 1130197531
005 20110309094003.42
010    @a978-7-5009-3810-1@dCNY28.00
100    @a20110123d2010 em y0chiy50 ea
101 0  @achi
102    @aCN@b110000
105    @aa z 000yy
106    @ar
200 1  @a世界自卫格斗术揭秘@AShi Jie Zi Wei Ge Dou Shu Jie Mi@f王红辉编著@FWang Hong Hui Bian Zhu
210    @a北京@c人民体育出版社@d2010
215    @a211页@c图@d23cm
330    @a本书对世界范围内的自卫格斗术进行了大检阅,介绍了自卫格斗术短期培训方法。
606 0  @a擒拿方法(体育)@y世界
606 0  @a擒拿方法(体育)
690    @aG85@v4
701  0 @a王红辉@AWang Hong Hui@4编著
801  0 @aCN@bTANGWEI@c20110309
905    @b0530384-88@dG85@e166@f5
    
    世界自卫格斗术揭秘/王红辉编著.-北京:人民体育出版社,2010
    211页:图;23cm
    
    
    ISBN 978-7-5009-3810-1:CNY28.00
    本书对世界范围内的自卫格斗术进行了大检阅,介绍了自卫格斗术短期培训方法。
●
相关链接 在E读中查询图书 在五车中查询图书 在当当中查询图书 在豆瓣中查询图书


正题名:世界自卫格斗术揭秘     索取号:G85/166         预约/预借

序号 登录号 条形码 馆藏地/架位号 状态 备注
1 0530384   205303848   第一样本阅览室/ [索取号:G85/166] 在馆    
2 0530385   205303857   第四借阅区/ [索取号:G85/166] 在馆    
3 0530386   205303866   第四借阅区/ [索取号:G85/166] 在馆    
4 0530387   205303875   第四借阅区/ [索取号:G85/166] 在馆    
5 0530388   205303884   第四借阅区/ [索取号:G85/166] 在馆    
唐山师范学院图书馆 欢迎您!
大连网信软件有限公司© 版权所有